[Event "FIDE Women's Grand Swiss"]
[Site "Samarkand UZB"]
[Date "2025.09.08"]
[Round "5.10"]
[White "Song, Yuxin"]
[Black "Badelka, Olga"]
[Result "1-0"]
[WhiteTitle "IM"]
[BlackTitle "IM"]
[WhiteElo "2409"]
[BlackElo "2375"]
[WhiteFideId "8614300"]
[BlackFideId "13509926"]
[EventDate "2025.09.04"]

1. e4 e5 2. Nf3 Nc6 3. Bb5 Nf6 4. d3 Ne7 5. Bc4 c6 6. a4 h6 7. Nc3 d6 8. d4 Qc7
9. h3 Ng6 10. O-O Be7 11. a5 O-O 12. Bb3 Bd7 13. Be3 b5 14. axb6 axb6 15. d5 Qb7
16. Rxa8 Rxa8 17. dxc6 Bxc6 18. Nd2 b5 19. Qf3 b4 20. Nd5 Nxd5 21. exd5 Ba4 22.
Qe4 Bd7 23. Nc4 f5 24. Qf3 Nh4 25. Qe2 Bb5 26. g3 f4 27. Bxf4 Rf8 28. Qe4 Qc8
29. Nxe5 Rxf4 30. gxf4 Bxf1 31. Kxf1 Qxh3+ 32. Ke2 Bf6 33. Bc4 Qg2 34. Qxg2 Nxg2
35. Nd3 h5 36. Bb5 Kf8 37. Bd7 Ke7 38. Bh3 Nh4 39. Ke3 g6 40. Ke4 Bg7 41. b3 Bc3
42. Nc1 Bd2 43. Ne2 Be1 44. Ke3 Kd8 45. Nd4 Kc7 46. Ke2 Bc3 47. Nb5+ Kb6 48.
Nxd6 Kc5 49. Ne4+ Kxd5 50. Nxc3+ bxc3 51. Kd3 Kc5 52. Kxc3 Nf3 53. b4+ Kd6 54.
Kd3 h4 55. c4 Ng1 56. Bg2 h3 57. Bh1 h2 58. c5+ Kc7 59. b5 Nh3 60. Ke3 Ng1 61.
b6+ Kd8 62. c6 Kc8 63. Bg2 Kd8 64. c7+ Kc8 65. Bd5 Kd7 66. Bb7 1-0

[Event "FIDE Women's Grand Swiss"]
[Site "Samarkand UZB"]
[Date "2025.09.08"]
[Round "5.11"]
[White "Zhai, Mo"]
[Black "Shukhman, Anna"]
[Result "0-1"]
[WhiteTitle "WGM"]
[BlackTitle "WGM"]
[WhiteElo "2380"]
[BlackElo "2420"]
[WhiteFideId "8600201"]
[BlackFideId "54180058"]
[EventDate "2025.09.04"]

1. Nf3 Nf6 2. c4 g6 3. Nc3 d5 4. cxd5 Nxd5 5. e4 Nxc3 6. dxc3 Qxd1+ 7. Kxd1 f6
8. h4 h5 9. Ne1 e5 10. Be3 Be6 11. Kc2 Nd7 12. Nd3 c5 13. b3 b5 14. a4 c4 15.
bxc4 bxc4 16. Nb2 Rh7 17. a5 f5 18. f3 fxe4 19. fxe4 Rc8 20. Ra4 Nf6 21. Bxc4
Bd7 22. Raa1 Nxe4 23. Bxa7 Bf5 24. Bb6 Rd7 25. Rhf1 Rd2+ 26. Kb3 Nd6 27. Bg8
Bc2+ 28. Ka2 Rxc3 29. Rae1 e4 30. a6 Nf5 31. Rf3 e3 32. Rfxe3+ Nxe3 33. Rxe3+
Rxe3 34. Bxe3 Re2 35. Bd4 Be4 36. Kb3 Rxg2 37. a7 Kd8 38. Nc4 Kc7 39. Nb6 Rg3+
40. Kb2 Ra3 41. Nd5+ Kb7 42. Nc3 Bf3 43. Bf7 Ra6 44. Nd5 Rd6 45. a8=Q+ Kxa8 46.
Bc5 Bg7+ 47. Nc3 Rc6 48. Bb4 g5 49. hxg5 h4 50. Be8 Rb6 51. Ka3 h3 0-1

[Event "FIDE Women's Grand Swiss"]
[Site "Samarkand UZB"]
[Date "2025.09.08"]
[Round "5.12"]
[White "Muzychuk, Mariya"]
[Black "Ouellet, Maili-Jade"]
[Result "1-0"]
[WhiteTitle "GM"]
[BlackTitle "WGM"]
[WhiteElo "2484"]
[BlackElo "2348"]
[WhiteFideId "14114550"]
[BlackFideId "2620472"]
[EventDate "2025.09.04"]

1. c4 e6 2. Nc3 d5 3. d4 Nf6 4. cxd5 exd5 5. Bg5 Be7 6. e3 O-O 7. Bd3 h6 8. Bh4
c6 9. Qc2 Ne8 10. Bg3 Bd6 11. Nf3 Bxg3 12. hxg3 Nd6 13. Rh4 Qf6 14. g4 g5 15.
Rh2 Bxg4 16. Ne5 Bf5 17. O-O-O Kg7 18. g4 Bxd3 19. Qxd3 Nc4 20. f4 Rh8 21. Ne2
Qe6 22. Ng3 Nxe5 23. Nf5+ Kf8 24. fxe5 h5 25. gxh5 Na6 26. Rf1 Rd8 27. Nd6 Rxd6
28. exd6 Rh6 29. Rhf2 f6 30. d7 Qe7 31. Qa3 c5 32. dxc5 Kf7 33. Qc3 Ke6 34.
Rxf6+ Rxf6 35. Qxf6+ Kxd7 36. Qxe7+ Kxe7 37. h6 1-0

[Event "FIDE Women's Grand Swiss"]
[Site "Samarkand UZB"]
[Date "2025.09.08"]
[Round "5.13"]
[White "Krush, Irina"]
[Black "Garifullina, Leya"]
[Result "1/2-1/2"]
[WhiteTitle "GM"]
[BlackTitle "IM"]
[WhiteElo "2366"]
[BlackElo "2477"]
[WhiteFideId "2012782"]
[BlackFideId "34127035"]
[EventDate "2025.09.04"]

1. Nf3 d5 2. c4 e6 3. g3 Nf6 4. Bg2 Be7 5. O-O O-O 6. b3 b6 7. cxd5 exd5 8. Bb2
Bb7 9. Nc3 d4 10. Nb5 c5 11. e3 a6 12. Na3 dxe3 13. dxe3 b5 14. Qxd8 Rxd8 15.
Ne5 Bxg2 16. Kxg2 Nfd7 17. Nxd7 Nxd7 18. Rad1 Nb6 19. Nb1 f6 20. e4 Rac8 21. Kf3
b4 22. Nd2 c4 23. Nxc4 Rxd1 24. Rxd1 Nxc4 25. bxc4 Rxc4 26. Rc1 Rc5 27. Rxc5
Bxc5 28. Ke2 Kf7 29. f3 h5 30. Kd3 Bb6 31. Kc4 a5 32. Kd5 Bg1 33. h3 Bh2 34. g4
hxg4 35. hxg4 a4 36. Kc4 b3 37. axb3 axb3 38. Kxb3 g6 39. Kc4 Ke6 40. Bc1 Bb8
41. Be3 f5 42. exf5+ gxf5 43. g5 Kf7 44. Kd5 Kg6 45. f4 1/2-1/2

[Event "FIDE Women's Grand Swiss"]
[Site "Samarkand UZB"]
[Date "2025.09.08"]
[Round "5.14"]
[White "Kamalidenova, Meruert"]
[Black "Dronavalli, Harika"]
[Result "1/2-1/2"]
[WhiteTitle "IM"]
[BlackTitle "GM"]
[WhiteElo "2349"]
[BlackElo "2467"]
[WhiteFideId "13712802"]
[BlackFideId "5015197"]
[EventDate "2025.09.04"]

1. e4 e5 2. Nf3 Nc6 3. Nc3 Nf6 4. Bb5 Nd4 5. O-O c6 6. Bd3 Nxf3+ 7. Qxf3 d6 8.
Be2 Be7 9. d3 O-O 10. Qg3 Be6 11. Kh1 Nd7 12. f4 Bh4 13. Qf3 exf4 14. Bxf4 Ne5
15. Qe3 Ng6 16. Bg3 Bxg3 17. Qxg3 f5 18. d4 f4 19. Qf2 Qg5 20. Rad1 Bd7 21. Bf3
Kh8 22. Ne2 Be8 23. g3 fxg3 24. Qxg3 Qe7 25. Bg2 Bd7 26. Nc3 Nh4 27. Bh3 Bxh3
28. Qxh3 b5 29. Qg4 Rae8 30. Ne2 Ng6 31. Ng3 c5 32. c3 cxd4 33. cxd4 a6 34. Kg1
Qa7 35. Rf5 Rxf5 36. exf5 Ne5 37. Qe4 Rf8 38. Kg2 Nf7 39. Re1 Nh6 40. Qd5 Qc7
41. Re6 Qc2+ 42. Kh3 Nf7 43. f6 Qg6 44. fxg7+ Qxg7 45. Kg2 b4 46. Re2 Qg5 47.
Qf3 Qg7 48. Qd5 Qg5 49. Qf3 Qg7 1/2-1/2

[Event "FIDE Women's Grand Swiss"]
[Site "Samarkand UZB"]
[Date "2025.09.08"]
[Round "5.15"]
[White "Omonova, Umida"]
[Black "Gaal, Zsoka"]
[Result "1/2-1/2"]
[WhiteTitle "WIM"]
[BlackTitle "WGM"]
[WhiteElo "2252"]
[BlackElo "2388"]
[WhiteFideId "14210363"]
[BlackFideId "777765"]
[EventDate "2025.09.04"]

1. e4 c6 2. d4 d5 3. e5 c5 4. dxc5 e6 5. a3 Bxc5 6. b4 Be7 7. Bd3 Nc6 8. Nf3 Qc7
9. Qe2 h5 10. Nbd2 a6 11. Bb2 b5 12. Nb3 Nh6 13. Nbd4 Nb8 14. O-O Nd7 15. Nb3
Nb6 16. Bd4 Na4 17. Ne1 h4 18. c3 Bd7 19. Rc1 Rc8 20. Bb1 Nb6 21. Nc5 Ra8 22.
Nxd7 Nxd7 23. Bc2 Nb6 24. Ra1 Qc6 25. a4 Nxa4 26. Bxa4 bxa4 27. Qa2 O-O 28. Qxa4
Qc4 29. Nc2 Nf5 30. Ne3 Nxe3 31. fxe3 1/2-1/2

[Event "FIDE Women's Grand Swiss"]
[Site "Samarkand UZB"]
[Date "2025.09.08"]
[Round "5.16"]
[White "Narva, Mai"]
[Black "Karimova, Guldona"]
[Result "0-1"]
[WhiteTitle "IM"]
[BlackTitle "WIM"]
[WhiteElo "2386"]
[BlackElo "2324"]
[WhiteFideId "4500512"]
[BlackFideId "14210410"]
[EventDate "2025.09.04"]

1. e4 c5 2. Nf3 d6 3. d4 cxd4 4. Nxd4 Nf6 5. Nc3 Nc6 6. Bc4 e5 7. Nf5 Bxf5 8.
exf5 Qa5 9. Bd5 Nxd5 10. Qxd5 Rc8 11. Be3 a6 12. O-O-O Qxd5 13. Nxd5 Ne7 14. g4
h5 15. Nxe7 Bxe7 16. g5 h4 17. Rhg1 Rc6 18. Rg4 Rh5 19. a4 Bd8 20. Rd3 Kd7 21.
Kd1 f6 22. g6 Bb6 23. Bxb6 Rxb6 24. b3 Rc6 25. c4 Rc8 26. Ke2 Kc6 27. b4 a5 28.
bxa5 Ra8 29. Rd5 Rxf5 30. Rxh4 Rg5 31. Rh3 Rxg6 32. Rb3 Ra6 33. Rdb5 Ra7 34.
Rb6+ Kc7 35. R3b5 Rg4 36. Rd5 Rxa5 37. Rdxd6 Rxc4 38. Re6 Raxa4 39. Rb2 Kb8 40.
Re8+ Rc8 41. Re7 Rc7 42. Re8+ Ka7 43. Rh8 b6 44. h4 Kb7 45. Kf3 Rac4 46. Kg3 Rc2
47. Rb5 R7c5 48. Rb4 R5c4 49. Rb5 Rf4 50. Re8 Rc3+ 51. Kg2 Rg4+ 52. Kf1 Rxh4 53.
Re7+ Rc7 54. Re6 Rc6 55. Re7+ Ka6 56. Rb2 g5 57. Re8 Rhc4 58. Kg2 Rc8 59. Re6
R4c6 60. Re7 b5 0-1

[Event "FIDE Women's Grand Swiss"]
[Site "Samarkand UZB"]
[Date "2025.09.08"]
[Round "5.17"]
[White "Balabayeva, Xeniya"]
[Black "Kaliakhmet, Elnaz"]
[Result "1/2-1/2"]
[WhiteTitle "WGM"]
[BlackTitle "WIM"]
[WhiteElo "2383"]
[BlackElo "2299"]
[WhiteFideId "13719688"]
[BlackFideId "13730169"]
[EventDate "2025.09.04"]

1. d4 d5 2. c4 e6 3. Nc3 c6 4. e4 dxe4 5. Nxe4 Bb4+ 6. Bd2 Qxd4 7. Bxb4 Qxe4+ 8.
Be2 Na6 9. Ba5 b6 10. Qd6 Bd7 11. Bc3 f6 12. Rd1 O-O-O 13. Qa3 Kb7 14. c5 Nc7
15. Nf3 Nb5 16. Qb3 Ne7 17. cxb6 axb6 18. a4 Nxc3 19. bxc3 c5 20. a5 Nc8 21. Nd2
Ba4 22. Qa2 Qxg2 23. Bf3+ Qxf3 24. Nxf3 Rxd1+ 25. Ke2 Rxh1 26. Qxa4 Kc7 27. Nd2
Nd6 28. Nb3 Nb7 29. Qg4 g6 30. Qe4 Rg1 31. axb6+ Kxb6 32. Qxe6+ Ka7 33. Qe7 Kb8
34. Nd2 Rd8 35. Ne4 Rgd1 36. Qxf6 R1d5 37. Qe6 R5d7 38. Qe5+ Ka8 39. c4 Rd4 40.
Nc3 Rxc4 41. Nb5 Ra4 42. Qe6 Kb8 43. Qe5+ Ka8 44. Qe6 Kb8 45. Qe5+ Ka8 46. Qe6
Kb8 47. Qe5+ 1/2-1/2

[Event "FIDE Women's Grand Swiss"]
[Site "Samarkand UZB"]
[Date "2025.09.08"]
[Round "5.18"]
[White "Efroimski, Marsel"]
[Black "Khalilova, Madinabonu"]
[Result "0-1"]
[WhiteTitle "IM"]
[BlackTitle "WCM"]
[WhiteElo "2377"]
[BlackElo "2148"]
[WhiteFideId "2810964"]
[BlackFideId "14223422"]
[EventDate "2025.09.04"]

1. e4 c5 2. Nf3 Nc6 3. Bb5 g6 4. O-O Bg7 5. c3 e5 6. d4 cxd4 7. cxd4 exd4 8. Bf4
a6 9. Ba4 Nge7 10. Bd6 b5 11. Bb3 Bb7 12. Re1 Nc8 13. e5 Nxd6 14. exd6+ Kf8 15.
Nbd2 f5 16. a4 Bf6 17. Qe2 bxa4 18. Rxa4 Kg7 19. Qd3 Re8 20. Raa1 Rxe1+ 21. Rxe1
Qf8 22. Nc4 Re8 23. Qd2 Re4 24. Bc2 Rxe1+ 25. Qxe1 a5 26. Bb3 Ba6 27. Nfd2 Bg5
28. g3 Bxd2 29. Nxd2 Qxd6 30. Qe8 Qe7 31. Qg8+ Kh6 32. Kg2 Qd8 33. Qd5 Bb7 34.
Kh3 Qe7 35. f4 d6 36. Qg8 Nb4 37. Bc4 d3 38. Bf7 Nc2 39. Bd5 Bxd5 40. Qxd5 Qe2
41. Nf3 Ne3 42. Qa8 Qf1+ 43. Kh4 Ng2+ 0-1

[Event "FIDE Women's Grand Swiss"]
[Site "Samarkand UZB"]
[Date "2025.09.08"]
[Round "5.19"]
[White "Muzychuk, Anna"]
[Black "Vantika, Agrawal"]
[Result "1-0"]
[WhiteTitle "GM"]
[BlackTitle "IM"]
[WhiteElo "2535"]
[BlackElo "2381"]
[WhiteFideId "14111330"]
[BlackFideId "25050389"]
[EventDate "2025.09.04"]

1. e4 c5 2. Nc3 Nc6 3. Nf3 e5 4. Bc4 Be7 5. d3 d6 6. a4 Nf6 7. Bg5 a6 8. Bxf6
Bxf6 9. Nd5 Rb8 10. c3 O-O 11. O-O Be6 12. Qd2 b5 13. axb5 axb5 14. Bb3 Bxd5 15.
Bxd5 Ne7 16. Bb3 d5 17. Rfe1 Qd6 18. Qe2 Rbd8 19. Rad1 d4 20. cxd4 cxd4 21. Qd2
Nc6 22. Kf1 Qb4 23. Qxb4 Nxb4 24. Ke2 Rc8 25. Rc1 Na6 26. Bd5 Nb4 27. Bb3 Na6
28. Bd5 Nb4 29. Bb7 Rxc1 30. Rxc1 Rb8 31. Rc5 g5 32. Rxb5 Na2 33. Kd1 g4 34. Nd2
Kg7 35. Nc4 h5 36. Na5 Bg5 37. Nc6 Re8 38. Nxe5 Bf4 39. Nc6 Nc1 40. g3 Nxd3 41.
gxf4 Rxe4 42. Kd2 Nxf2 43. Nxd4 Rxd4+ 44. Ke3 Rd3+ 45. Kxf2 Rd2+ 46. Kg3 Rd3+
47. Kf2 Rd2+ 48. Kg3 Rd3+ 49. Kh4 Rh3+ 50. Kg5 Rxh2 51. Bd5 Rd2 52. Kxh5 g3 53.
Kh4 g2 54. Bxg2 Rxg2 55. Rg5+ Rxg5 56. Kxg5 f6+ 57. Kf5 Kf7 58. b4 Ke7 59. b5 1-0

[Event "FIDE Women's Grand Swiss"]
[Site "Samarkand UZB"]
[Date "2025.09.08"]
[Round "5.20"]
[White "Shuvalova, Polina"]
[Black "Maltsevskaya, Aleksandra"]
[Result "1/2-1/2"]
[WhiteTitle "IM"]
[BlackTitle "IM"]
[WhiteElo "2492"]
[BlackElo "2379"]
[WhiteFideId "24171760"]
[BlackFideId "24174041"]
[EventDate "2025.09.04"]

1. e4 e6 2. d4 d5 3. Nc3 Bb4 4. e5 c5 5. a3 Bxc3+ 6. bxc3 Ne7 7. h4 Qc7 8. Rh3
b6 9. h5 h6 10. Qg4 Rg8 11. Ra2 Ba6 12. Bxa6 Nxa6 13. Ne2 Rc8 14. Rf3 Nb8 15.
Qf4 Rf8 16. Qg4 Rg8 17. Qf4 Rf8 18. Kf1 cxd4 19. cxd4 Qc4 20. Rb2 Nbc6 21. Rd3
Kd7 22. g4 f6 23. exf6 Rxf6 24. Qh2 Rcf8 25. Be3 Rf3 26. Ke1 Nc8 27. Rc3 Qa6 28.
Rbb3 Nd6 29. Bf4 Rxc3 30. Rxc3 Nb5 31. Rd3 Nxa3 32. Bd6 Nxc2+ 33. Kd2 N2b4 34.
Rc3 Qa2+ 35. Ke3 Rc8 36. Bxb4 Nxb4 37. Qf4 Rxc3+ 38. Nxc3 Qc4 39. Qf7+ Kc6 40.
Qxe6+ Kb7 41. Qd7+ Ka6 42. Qa4+ Kb7 43. Qd7+ Ka6 1/2-1/2

[Event "FIDE Women's Grand Swiss"]
[Site "Samarkand UZB"]
[Date "2025.09.08"]
[Round "5.21"]
[White "Osmak, Yuliia"]
[Black "Roebers, Eline"]
[Result "1/2-1/2"]
[WhiteTitle "IM"]
[BlackTitle "IM"]
[WhiteElo "2478"]
[BlackElo "2377"]
[WhiteFideId "14101602"]
[BlackFideId "1058401"]
[EventDate "2025.09.04"]

1. Nf3 Nf6 2. g3 g6 3. b3 d6 4. d4 Bg7 5. Bb2 O-O 6. Bg2 a5 7. O-O a4 8. c4 Nfd7
9. Qc1 e5 10. dxe5 dxe5 11. Nc3 axb3 12. axb3 Rxa1 13. Qxa1 Re8 14. Nb5 Na6 15.
Rd1 Qe7 16. Na7 c6 17. Nd2 Ndc5 18. Nxc8 Rxc8 19. Bc3 Rd8 20. b4 Ne6 21. b5 cxb5
22. cxb5 Nac5 23. Ne4 Nd4 24. Bxd4 exd4 25. Qa3 b6 26. Nxc5 Bf8 27. Rc1 Qe5 28.
Qd3 Bxc5 29. Ra1 Re8 30. Bf3 h5 31. h4 Kg7 32. Kg2 Re7 33. Ra4 Qe6 34. Ra6 Qe5
35. Qc4 Qe6 36. Qc2 Qe5 37. Qc4 Qe6 38. Qxe6 Rxe6 39. Ra8 Re5 40. Rb8 Kf6 41.
Kf1 Kg7 42. Bc6 f5 43. Bf3 Re7 44. Bd5 Re5 45. Bc4 f4 46. gxf4 Re4 47. Rb7+ Re7
48. Rb8 Re4 49. Rg8+ Kh7 50. f5 gxf5 51. Rg5 Rxh4 52. Rxf5 Kh6 53. Bf7 Kg7 54.
Bxh5 Rh1+ 55. Kg2 Rb1 56. Be8 Rb2 57. Kf3 d3 58. e3 d2 59. Rd5 Bb4 60. Bh5 Rb1
61. Ke4 Rh1 62. Be2 Re1 63. Kf3 Kf6 64. Rd4 Bc3 65. Rd3 Bb4 66. Rd5 Ke7 67. e4
Ke6 68. Rd4 Bc3 69. Rd3 Bb4 70. Rd5 Kf6 71. Rd4 Bc3 72. Rd6+ Ke5 73. Rd5+ Kf6
74. Ke3 Bb4 75. f4 Ke6 76. Kf3 Ke7 77. e5 Bc3 78. Rd3 Bb4 79. f5 Ke8 80. Ke3 Bc3
81. Rxd2 Bxe5 82. Ke4 Bc3 83. Rc2 Bb4 84. Ke5 Kf7 85. Rc7+ Be7 86. Rc2 Bb4 87.
f6 Kg6 88. Ke6 Bc5 89. Ra2 Bb4 90. Rc2 Bc5 91. Ke5 Bb4 92. Ke6 Bc5 93. f7 Kg7
94. Ra2 Bb4 95. Rb2 Ba3 96. Rd2 Bb4 97. Rc2 Bc5 98. Ra2 Bb4 99. f8=Q+ Bxf8 100.
Kd5 Bc5 101. Rc2 Kf6 102. Kc6 Bg1 103. Bc4 Bc5 104. Bd5 Bg1 105. Rc3 Bd4 106.
Rf3+ Ke5 107. Bf7 Rc1+ 108. Kb7 Bc5 109. Be8 Bd4 110. Bc6 Bc5 111. Rf7 Rc2 112.
Rd7 Rc1 113. Rd8 Rc2 114. Re8+ Kf6 115. Rd8 Ke5 116. Re8+ Kf6 117. Rd8 Ke5 118.
Re8+ Kf6 119. Rd8 Ke5 120. Re8+ Kf6 1/2-1/2

[Event "FIDE Women's Grand Swiss"]
[Site "Samarkand UZB"]
[Date "2025.09.08"]
[Round "5.22"]
[White "Tokhirjonova, Gulrukhbegim"]
[Black "Injac, Teodora"]
[Result "1-0"]
[WhiteTitle "IM"]
[BlackTitle "IM"]
[WhiteElo "2372"]
[BlackElo "2454"]
[WhiteFideId "14203626"]
[BlackFideId "932400"]
[EventDate "2025.09.04"]

1. Nf3 c5 2. b3 Nc6 3. Bb2 Nf6 4. e3 g6 5. d4 cxd4 6. exd4 d5 7. Be2 Bg7 8. O-O
O-O 9. Ne5 Bf5 10. Nxc6 bxc6 11. Nc3 h5 12. Na4 Qc7 13. h3 Ne4 14. Bd3 Rad8 15.
Qe2 Rfe8 16. Rfe1 h4 17. Bxe4 Bxe4 18. Nc5 Bf5 19. a4 e5 20. dxe5 d4 21. f4 Qb6
22. Qc4 Rd5 23. Nd3 a5 24. Ba3 Be6 25. Bc5 Qb7 26. Bxd4 Qd7 27. Bf2 Bf8 28. Qa6
Bf5 29. Rad1 Bb4 30. Rf1 Be7 31. Qc4 Rd8 32. Kh2 Qe6 33. Bb6 Rb8 34. Be3 Rbd8
35. Bb6 Rb8 36. Bf2 Rbd8 37. Rfe1 Qd7 38. Rc1 Qe6 39. Bb6 R8d7 40. Nf2 Rb7 41.
Qa6 Rbd7 42. Be3 Ba3 43. c4 Rd2 44. Bxd2 Rxd2 45. Qa8+ Kg7 46. Rcd1 Bb4 47. Rf1
Qd7 48. Rxd2 Bxd2 49. Kh1 Bxf4 50. Qxa5 Qd4 51. Qe1 Bxe5 52. Ng4 Bxg4 53. hxg4
f6 54. Qe2 Qc3 55. Qf3 Qb2 56. g5 f5 57. Re1 Bg3 58. Qe2 1-0

[Event "FIDE Women's Grand Swiss"]
[Site "Samarkand UZB"]
[Date "2025.09.08"]
[Round "5.23"]
[White "Javakhishvili, Lela"]
[Black "Wafa, Shrook"]
[Result "1-0"]
[WhiteTitle "IM"]
[BlackTitle "WGM"]
[WhiteElo "2434"]
[BlackElo "2202"]
[WhiteFideId "13601458"]
[BlackFideId "10609970"]
[EventDate "2025.09.04"]

1. d4 d5 2. c4 e6 3. Nf3 Bb4+ 4. Nc3 Nc6 5. e3 Nf6 6. Bd2 O-O 7. Qc2 Re8 8. Rd1
a6 9. a3 Bf8 10. Bc1 Rb8 11. h3 h6 12. b3 dxc4 13. bxc4 b6 14. Be2 Bb7 15. O-O
Qc8 16. Bb2 Nd7 17. e4 e5 18. dxe5 Ncxe5 19. Nxe5 Nxe5 20. f4 Nd7 21. Bg4 Bc6
22. e5 Bc5+ 23. Kh2 Re7 24. Nd5 Bxd5 25. cxd5 Qd8 26. Qc3 f6 27. Be6+ Kh8 28.
Qg3 fxe5 29. fxe5 Qe8 30. Kh1 Qh5 31. Rde1 Nf8 32. Bf5 Rd8 33. Bc2 Rf7 34. e6
Re7 35. Qd3 Kg8 36. Rxf8+ Kxf8 37. Rf1+ Ke8 38. Qg6+ Qxg6 39. Bxg6+ Rf7 40. Rxf7 1-0

[Event "FIDE Women's Grand Swiss"]
[Site "Samarkand UZB"]
[Date "2025.09.08"]
[Round "5.24"]
[White "Nassr, Lina"]
[Black "Kiolbasa, Oliwia"]
[Result "0-1"]
[WhiteTitle "WIM"]
[BlackTitle "IM"]
[WhiteElo "2060"]
[BlackElo "2405"]
[WhiteFideId "7908075"]
[BlackFideId "1154613"]
[EventDate "2025.09.04"]

1. d4 Nf6 2. Nf3 b6 3. e3 Bb7 4. Bd3 g6 5. Nbd2 c5 6. O-O cxd4 7. exd4 Bg7 8.
Re1 O-O 9. Nf1 Re8 10. Ng3 d6 11. c3 Nbd7 12. Bc4 Qc7 13. Qb3 e6 14. Be2 e5 15.
Ng5 Re7 16. dxe5 dxe5 17. Nf3 Rd8 18. Be3 Nd5 19. Bg5 f6 20. Bd2 Nc5 21. Qc2 Ne6
22. Rad1 f5 23. Qc1 f4 24. Ne4 Nf6 25. Nxf6+ Bxf6 26. h3 h5 27. Nh2 e4 28. c4 f3
29. gxf3 Be5 30. f4 Nxf4 31. Bxf4 Rxd1 32. Qxd1 Bxf4 33. Nf1 e3 34. Bf3 exf2+
35. Kxf2 Qc5+ 36. Kg2 Qg5+ 37. Kf2 Qh4+ 38. Kg2 Rxe1 39. Bd5+ Kh7 40. Qf3 Bc8
41. Nh2 Bxh3+ 42. Qxh3 Re2+ 0-1

[Event "FIDE Women's Grand Swiss"]
[Site "Samarkand UZB"]
[Date "2025.09.08"]
[Round "5.25"]
[White "Lu, Miaoyi"]
[Black "Beydullayeva, Govhar"]
[Result "1-0"]
[WhiteTitle "IM"]
[BlackTitle "WGM"]
[WhiteElo "2449"]
[BlackElo "2368"]
[WhiteFideId "8618020"]
[BlackFideId "13413015"]
[EventDate "2025.09.04"]

1. e4 e5 2. Nf3 Nc6 3. Bc4 Nf6 4. Ng5 d5 5. exd5 Na5 6. Bb5+ c6 7. dxc6 bxc6 8.
Qf3 Be7 9. Bd3 O-O 10. Nc3 g6 11. h4 h5 12. b3 Ng4 13. Qg3 f5 14. Be2 e4 15.
Bxg4 Bd6 16. Qe3 hxg4 17. Bb2 Be5 18. O-O-O Re8 19. Ne2 Bxb2+ 20. Kxb2 Ba6 21.
Nf4 Rb8 22. Qxa7 Re7 23. Qxa6 Ra8 24. Qe2 Qd6 25. g3 Rb7 26. Ra1 Qa3+ 27. Kb1 c5
28. Nxe4 Re7 29. Qd3 Raa7 30. h5 g5 31. Qd8+ 1-0

[Event "FIDE Women's Grand Swiss"]
[Site "Samarkand UZB"]
[Date "2025.09.08"]
[Round "5.26"]
[White "Gunina, Valentina"]
[Black "Arabidze, Meri"]
[Result "1/2-1/2"]
[WhiteTitle "GM"]
[BlackTitle "IM"]
[WhiteElo "2418"]
[BlackElo "2444"]
[WhiteFideId "4167570"]
[BlackFideId "13604040"]
[EventDate "2025.09.04"]

1. e4 e5 2. Nf3 Nc6 3. Bc4 d6 4. c3 f5 5. d3 f4 6. b4 Qf6 7. Qb3 Nh6 8. Na3 Be7
9. Bd2 Nf7 10. h4 a6 11. O-O-O Ncd8 12. d4 c6 13. Ng5 Nxg5 14. hxg5 Qf8 15. Be2
b5 16. Nc2 Bxg5 17. c4 Qf7 18. c5 dxc5 19. bxc5 exd4 20. Nxd4 O-O 21. Rh5 h6 22.
Rdh1 Bd7 23. Bd1 Bf6 24. e5 Be7 25. g3 Bxc5 26. e6 Nxe6 27. Nxe6 Bxe6 28. Rxc5
fxg3 29. Qxg3 Qxf2 30. Rc3 Qxg3 31. Rxg3 Kh7 32. Bc3 Ra7 33. a3 Bf5 34. Rf1 g6
35. Re3 Rd8 36. Rfe1 h5 37. Bf6 Rda8 38. Bg5 c5 39. Bf3 Rf8 40. Bd5 Bg4 41. Re7+
Rxe7 42. Rxe7+ Kh8 43. Bf7 Kg7 44. Be8+ Kg8 45. Bxg6 Bf5 46. Bxh5 b4 47. Be2 Bg6
48. a4 Rf2 49. Bxa6 Rc2+ 50. Kd1 b3 51. Rb7 b2 52. Rb6 Kh7 53. Bf4 c4 54. Bc8
Bd3 55. Rb7+ Kg6 56. Rb6+ Kh7 57. Bh3 Rf2 58. Rb7+ Kg6 59. Rb6+ Kh7 60. Rb7+ Kg6
61. Rb6+ 1/2-1/2

[Event "FIDE Women's Grand Swiss"]
[Site "Samarkand UZB"]
[Date "2025.09.08"]
[Round "5.27"]
[White "Mkrtchian, Lilit"]
[Black "Manko, Mariia"]
[Result "1/2-1/2"]
[WhiteTitle "IM"]
[BlackTitle "WIM"]
[WhiteElo "2393"]
[BlackElo "2313"]
[WhiteFideId "13300601"]
[BlackFideId "14199220"]
[EventDate "2025.09.04"]

1. Nf3 d5 2. d4 Nf6 3. c4 e6 4. Nc3 Be7 5. cxd5 exd5 6. Bf4 O-O 7. e3 c6 8. Bd3
Nbd7 9. h3 Ne8 10. Qc2 Ndf6 11. Ne5 Nd6 12. f3 g6 13. g4 Nfe8 14. O-O-O f6 15.
Bh6 Ng7 16. Bxg6 hxg6 17. Bxg7 Kxg7 18. Qxg6+ Kh8 19. Qh5+ Kg7 20. Qg6+ Kh8 21.
Qh6+ Kg8 22. Qg6+ Kh8 23. Qh6+ Kg8 24. Qg6+ Kh8 1/2-1/2

[Event "FIDE Women's Grand Swiss"]
[Site "Samarkand UZB"]
[Date "2025.09.08"]
[Round "5.28"]
[White "Gomez Barrera, Javiera Belen"]
[Black "Kulon, Klaudia"]
[Result "1/2-1/2"]
[WhiteTitle "WIM"]
[BlackTitle "IM"]
[WhiteElo "2169"]
[BlackElo "2361"]
[WhiteFideId "3418723"]
[BlackFideId "1131044"]
[EventDate "2025.09.04"]

1. e4 e6 2. d4 d5 3. e5 c5 4. c3 Qb6 5. Nf3 Bd7 6. Bd3 Bb5 7. dxc5 Bxc5 8. b4
Bxd3 9. Qxd3 Be7 10. O-O a5 11. Be3 Qc7 12. Na3 Nc6 13. Nb5 Qd7 14. a3 Nh6 15.
Bxh6 gxh6 16. c4 axb4 17. cxd5 exd5 18. Nd6+ Bxd6 19. exd6 O-O 20. Qxd5 bxa3 21.
Rfe1 Ra5 22. Qd2 Qf5 23. Qxh6 Rd8 24. d7 Qxd7 25. Rxa3 Rxa3 26. Qg5+ Kf8 27.
Qh6+ Kg8 28. Qg5+ Kf8 29. Qh6+ Kg8 30. Qg5+ 1/2-1/2

[Event "FIDE Women's Grand Swiss"]
[Site "Samarkand UZB"]
[Date "2025.09.09"]
[Round "6.1"]
[White "Lagno, Kateryna"]
[Black "Wagner, Dinara"]
[Result "1-0"]
[WhiteTitle "GM"]
[BlackTitle "IM"]
[WhiteElo "2505"]
[BlackElo "2400"]
[WhiteFideId "14109336"]
[BlackFideId "24157570"]
[EventDate "2025.09.04"]

1. e4 c5 2. Nf3 d6 3. Nc3 Nf6 4. d4 cxd4 5. Qxd4 Nc6 6. Bb5 Bd7 7. Qd3 g6 8. Bg5
Bg7 9. O-O-O O-O 10. e5 Ne8 11. Nd5 f6 12. exd6 Nxd6 13. Nxe7+ Qxe7 14. Qxd6
Qxd6 15. Rxd6 fxg5 16. Rxd7 g4 17. Ng5 Rxf2 18. Bc4+ Kh8 19. Nf7+ Kg8 20. Re1
Kf8 21. Kd1 h6 22. b4 Bc3 23. Re3 Bxb4 24. Nh8 Rf6 25. Bd3 Ne7 26. Rxb7 Bc5 27.
Rexe7 Bxe7 28. Nxg6+ Rxg6 29. Bxg6 Rd8+ 30. Ke2 a5 31. Bd3 Rd5 32. Ke3 Rh5 33.
Kf4 Rxh2 34. Be4 h5 35. Kf5 Rh1 36. Kg6 Bb4 37. Bc6 Rf1 38. Kxh5 Rf2 39. Kg6 Bc3
40. Be4 Rf4 41. Bf5 Rd4 42. Rc7 Ba1 43. g3 Rd2 44. Rc5 Rg2 45. Rxa5 Rxg3 46. Kg5
Rg2 47. Be4 Re2 48. Kf4 g3 49. Rg5 g2 50. Bd3 Be5+ 51. Kf5 Bd4 52. Bxe2 g1=Q 53.
Rxg1 Bxg1 54. Ke5 Ke7 55. Bg4 Kd8 56. Kd6 Bf2 57. a4 Be1 58. c4 Bd2 59. Kc6 Bb4
60. Kb6 Bd6 61. a5 Bc7+ 62. Kb5 Bb8 63. Kc6 1-0